| 000 | 00568nam a2200241 a 4500 | ||
|---|---|---|---|
| 001 | nice12345678 | ||
| 003 | IN_TiNIC | ||
| 005 | 20260116011340.0 | ||
| 008 | 050524s1953 cama grp 000 0 eng | ||
| 020 |
_a _c0 |
||
| 082 | 0 | 0 |
_a170 _bGAR |
| 100 | _aGarvin, Lucius | ||
| 245 | _aModern Introduction to Ethics. | ||
| 260 |
_aCambridge _bHoughton Mifflin Company _c1953 |
||
| 300 | _a572p | ||
| 500 | _aincludes index and biblioraphy | ||
| 505 | 2 | _aIndex | |
| 650 | _aEthics | ||
| 700 | 1 | _aGarvin, Lucius | |
| 902 | _bSRS | ||
| 942 | _cBK | ||
| 999 |
_c735 _d735 |
||